Statistiques concernant Les Animaux

Cliquez ici pour prendre le quiz!

Statistiques générales

  • Ce quiz a été pris 231 fois
    (219 depuis la dernière actualisation)
  • Le résultat moyen est 42 sur 60

Statistiques - réponses

Réponse% Correct
Eléphant
100%
Lion
93%
Loup
90%
Panda
90%
Girafe
89%
Ours
89%
Crocodile
88%
Baleine
87%
Chat
87%
Tigre
86%
Zèbre
86%
Chien
85%
Kangourou
85%
Requin
85%
Ours Polaire
84%
Tortue
84%
Vache
84%
Dauphin
83%
Grenouille
83%
Hippopotame
83%
Cochon
82%
Coq
82%
Hibou
82%
Lapin
82%
Poussin
82%
Canard
81%
Gorille
81%
Koala
81%
Mouton
81%
Rhinocéros
81%
Hamster
80%
Hérisson
80%
Chèvre
78%
écureuil
78%
Perroquet
78%
Cerf
77%
Lynx
77%
Panda Roux
77%
Léopard
76%
Loutre
76%
Cygne
75%
Panthère
75%
Phoque
73%
Souris
72%
Bison
66%
Chimpanzé
65%
Orang-Outan
61%
Colibri
57%
Mygale
57%
Jaguar
53%
Anguille
49%
Pangolin
41%
Okapi
36%
Hermine
27%
Macareux
26%
Dragon De Komodo
22%
Taureau
15%
Dugong
12%
Poisson Napoléon
1%
Thon rouge
1%

Distribution des résultats

Percentile par nombre de réponses

% des personnes avec chaque résultat

Votre développement - résultats

Vous n’avez pas pris ce quiz depuis la dernière actualisation